| 000 | 00605nam a22001695i 4500 | ||
|---|---|---|---|
| 001 | 165207 | ||
| 003 | ES-MaACL | ||
| 005 | 20250618063031.0 | ||
| 008 | 050818s1872 sp | |||||||| ||spa d | ||
| 040 |
_aCAM _bspa _cCAM |
||
| 100 | 1 |
_aSepĂșlveda, Ricardo, _d1846-1909 _9132653 |
|
| 245 | 1 | 0 |
_aEn el sitio _ _b: novela de verano / _coriginal de Ricardo SepĂșlveda. |
| 260 |
_aMadrid : _b[s.n.], _c1872 ( _fImprenta, fundicion y estereotipia de Juan Aguado) |
||
| 300 |
_a230 p. ; _c20 cm. |
||
| 852 |
_aES-MaACL _jT-193-F-2 _z-- Enc. hol. _z-- Enc. en un vol. facticio |
||
| 999 |
_c165207 _d165207 |
||